|
|
|
|
| LEADER |
01435nam a2200289 a 4500 |
| 001 |
14492124 |
| 003 |
BD-DhAAL |
| 008 |
090721s2006 bg b 000 0 eng d |
| 010 |
|
|
|a 2006414433
|
| 040 |
|
|
|a DLC
|c DLC
|d BD-DhAAL
|
| 082 |
0 |
0 |
|a 361.7/6/0681
|2 23
|
| 245 |
0 |
0 |
|a Economics and governance of nongovernmental organizations in Bangladesh.
|
| 260 |
|
|
|a Dhaka :
|b The World Bank Office, Dhaka,
|c 2006.
|
| 300 |
|
|
|a xiii, 108 pages ;
|c 29 cm.
|
| 490 |
0 |
|
|a Bangladesh development series ;
|v paper no. 11
|
| 500 |
|
|
|a "Document of the World Bank."
|
| 500 |
|
|
|a "Poverty Reduction and Economic Management Unit"--Cover.
|
| 504 |
|
|
|a Includes bibliographical references (p. [99]-108).
|
| 526 |
|
|
|x Salim khan
Sr. program Associate
James P. Grant School.
Course name and no. N/A
|
| 541 |
1 |
|
|a A H Development publishing house
|e 00018474
|
| 650 |
|
0 |
|a Non-governmental organizations
|z Bangladesh
|x Finance.
|9 292
|
| 650 |
|
0 |
|a Non-governmental organizations
|z Bangladesh
|x Management.
|9 293
|
| 710 |
2 |
|
|a World Bank.
|b Bangladesh Dhaka Office.
|9 294
|
| 852 |
4 |
|
|a School of Public Health
|j General Shelf.
|
| 942 |
|
|
|2 ddc
|c BK
|
| 999 |
|
|
|c 2654
|d 2654
|
| 952 |
|
|
|0 0
|1 0
|2 ddc
|4 0
|6 361_760681000000000_ECO
|7 0
|9 2439
|a JPGSPH
|b JPGSPH
|c GEN
|d 2009-04-29
|e A H Development Publishing House.
|g 7800.00
|l 0
|o 361.760681 ECO
|p 3060018474
|r 2009-07-22
|t 1
|w 2009-07-22
|y BK
|x Requisitioned by Salim khan, Sr. program Associate, James P. Grant School. Course name and no. N/A
|